000 00539nam a2200169 i 4500
001 68064
003 ES-MaACL
005 20230906170210.0
007 t|
008 040217s1972 sp ||||1| spa d
100 1 _aGamstorp, Ingrid.
_953812
245 1 0 _aNeurología pediátrica /
_cIngrid Gamstorp ; versión J.L. Martí Vilalta.
260 _aBarcelona :
_b[Pediátrica :
_bSocitra],
_c1972.
300 _aXII, 426 p., 4 lám. :
_bil. ;
_c25 cm.
700 1 _aMarti-Vilalta, José Luis.
_977242
852 _aES-MaACL
_jC-43048
_bR.82966
999 _c68064
_d68064